| 000 | 00533nam a22001697a 4500 | ||
|---|---|---|---|
| 005 | 20251108164012.0 | ||
| 008 | 250721s1984 xx 000 0 ara d | ||
| 082 | 1 | 4 | _a320.158/غال |
| 100 | 1 | _aالعربيات، غالب الحمود | |
| 245 | 1 | 0 | _aالوحدة العربية المنسية / |
| 264 | 1 |
_aعمان : _bجمعية عمال المطابع التعاونية، _c1984. |
|
| 300 | _a170ص | ||
| 650 | 1 | 7 | _aالقومية العربية |
| 650 | 1 | 7 | _aالوحدة العربية |
| 942 |
_2ddc _cBK |
||
| 999 |
_c1164 _d1164 |
||